书目信息 |
| 书名: | Global media | |
| 作者: | David Demers ; with a foreword by Melvin DeFleur. | |
| 分册号: | ||
| 分册名: | 出版地: | Cresskill, N.J. : |
|
| 出版社: | Hampton Press | |
| 出版时间: | c1999. | |
| 页数: | xxv, 209 p. ; | |
| 开本: | 24 cm. | |
| 丛书名: | The Hampton Press communication series | |
| 中图分类号: | ||
| 科图分类号: | ||
| 其他分类号: | D80 | |
| 主题词: | ||
| 电子资源: | ||
| 000 | 01195cam a2200313 a 450 | |
| 001 | E0737806881 | |
| 005 | 20070430103200.65 | |
| 008 | 990630s1999 nju b 001 0 eng | |
| 010 | @a99038555 | |
| 020 | @a1572732938. | |
| 020 | @a1572732946 (pbk.). | |
| 035 | @A(DLC) 99038555 | |
| 040 | @aDLC@cDLC@dDLC | |
| 050 | 00 | @aP96.E25@bD46 1999 |
| 082 | 00 | @a302.23@2 21 |
| 090 | @aD80 | |
| 099 | @dD80@ex26 | |
| 100 | 1 | @aDemers, David P. |
| 245 | 10 | @aGlobal media :@bmenace or messiah? / @cDavid Demers ; with a foreword by Melvin DeFleur. |
| 260 | @aCresskill, N.J. :@bHampton Press,@cc1999. | |
| 300 | @axxv, 209 p. ;@c24 cm. | |
| 440 | 4 | @aThe Hampton Press communication series.@pMass communications and journalism |
| 504 | @aIncludes bibliographical references and index. | |
| 650 | 0 | @aMass media@xSocial aspects. |
| 650 | 0 | @aMass media@xOwnership. |
| 650 | 0 | @aCommunication, International. |
| 906 | @a7@bcbc@corignew@d1@eocip@f19@gy-gencatlg | |
| 925 | 0 | @aacquire@b2 shelf copies@xpolicy default |
| 955 | @apc03 to sa00 06-30-99; lg25 to le03 07-02-99; le03 07-02-99; le28 to ddc 07-02-99@aps14 2002-11-14 bk rec’d, to CIP ver.@fpv10 2002-11-18 CIP ver to BCCD | |
| Global media : : menace or messiah? / / David Demers ; with a foreword by Melvin DeFleur.-Cresskill, N.J. : : Hampton Press, , c1999. |
| xxv, 209 p. ; ; 24 cm.- (The Hampton Press communication series. Mass communications and journalism ) |
| Includes bibliographical references and index. |
| ISBN 1572732938. |
| ● |
| 相关链接 |
|
|
|
|
正题名:Global media
索取号:D80/x26
 
预约/预借
| 序号 | 登录号 | 条形码 | 馆藏地/架位号 | 状态 | 备注 |
| 1 | 6001 | 300060010 | 第二样本阅览室/ [索取号:D80/x26] | 在馆 | |
| 2 | 6002 | 300060029 | 第四借阅区/ [索取号:D80/x26] | 在馆 | |
| 3 | 6003 | 300060038 | 第四借阅区/ [索取号:D80/x26] | 在馆 | |
| 4 | 6004 | 300060047 | 第四借阅区/ [索取号:D80/x26] | 在馆 |